000 00888nam a2200277 i 4500
001 bg
003 BPK
005 20200729100254.0
008 020509s2002 pl a f f |000 0 pol
015 _aPB 2002/7457
020 _a8320425654
040 _aWA N
_cBPK
080 _a531/534
080 _a(075.8)
100 1 _aNizioł, Józef
_d(1938- )
_eAutor
245 1 0 _aMetodyka rozwiązywania zadań z mechaniki /
_cJózef Nizioł.
260 _aWarszawa :
_bWydawnictwa Naukowo-Techniczne,
_c2002.
300 _a574, [1] s. :
_bil. ;
_c24 cm.
504 _aBibliogr.
521 _aPodręcznik akademicki.
655 4 _aPodręczniki akademickie
650 4 _aMechanika
710 2 _aWydawnictwa Naukowo-Techniczne
_4pbl.
942 _2UKD
_cKS
856 _uhttp://koha.tu.koszalin.pl/cgi-bin/koha/opac-detail.pl?biblionumber=44892
_yKatalog online BPK
999 _c44892
_d44892